Vista normal
Vista MARC
Entrada Personal Name
Número de registros utilizados en: 1
001 - CONTROL NUMBER
- control field: 2381
003 - CONTROL NUMBER IDENTIFIER
- control field: OSt
005 - DATE AND TIME OF LATEST TRANSACTION
- control field: 20130530193850.0
008 - FIXED-LENGTH DATA ELEMENTS
- fixed length control field: 130530|||a|||||| | ||| d
040 ## - CATALOGING SOURCE
- Original cataloging agency: OSt
- Transcribing agency: OSt
100 ## - HEADING--PERSONAL NAME
- Personal name: Salomon, J. A.
670 ## - SOURCE DATA FOUND
- Source citation: Work cat.: (OSt): Lopez, A. D. 2377, Mortalidad Mundial en 2000, 2000